Diary of a wimpy kid : (Record no. 303930)
[ view plain ]
| 000 -LEADER | |
|---|---|
| fixed length control field | 01975nam a22004215i 4500 |
| 005 - DATE AND TIME OF LATEST TRANSACTION | |
| control field | 20200320205317.0 |
| 008 - FIXED-LENGTH DATA ELEMENTS--GENERAL INFORMATION | |
| fixed length control field | 170822s2017 j #00 1 eng d |
| 020 ## - INTERNATIONAL STANDARD BOOK NUMBER | |
| International Standard Book Number | 9781419729454 (hardcover) |
| 040 ## - CATALOGING SOURCE | |
| Original cataloging agency | MMLLC |
| Language of cataloging | eng |
| Description conventions | rda |
| Transcribing agency | MMLLC |
| 082 04 - DEWEY DECIMAL CLASSIFICATION NUMBER | |
| Classification number | [Fic] |
| Edition number | 23 |
| 100 1# - MAIN ENTRY--PERSONAL NAME | |
| Personal name | Kinney, Jeff. |
| 9 (RLIN) | 5952515 |
| 245 10 - TITLE STATEMENT | |
| Title | Diary of a wimpy kid : |
| Remainder of title | Special cheesiest edition / |
| Statement of responsibility, etc | by Jeff Kinney. |
| 250 ## - EDITION STATEMENT | |
| Edition statement | [First edition?] |
| 264 #2 - Production, Publication, Distribution, Manufacture, and Copyright Notice. | |
| Place of production, publication, distribution, manufacture | Old Saybrook, Connecticut : |
| Name of producer, publisher, distributor, manufacturer | www.micromarketing.org |
| 264 #1 - Production, Publication, Distribution, Manufacture, and Copyright Notice. | |
| Place of production, publication, distribution, manufacture | [Place of publication not identified?]: |
| Name of producer, publisher, distributor, manufacturer | [Amulet Books], |
| Date of production, publication, distribution, manufacture, or copyr | [2017]. |
| 300 ## - PHYSICAL DESCRIPTION | |
| Extent | [T/K pages ; |
| Dimensions | T/K cm.?] |
| 336 ## - Content Type | |
| Content type term | text |
| 337 ## - Media type | |
| Media type term | unmediated |
| 338 ## - Carrier type | |
| Carrier type term | volume |
| 490 1# - SERIES STATEMENT | |
| Series statement | Diary of a Wimpy Kid. |
| 500 ## - GENERAL NOTE | |
| General note | [Typographic symbols and accents removed for systems compatibility.] |
| 520 ## - SUMMARY, ETC. | |
| Summary, etc | "This Special CHEESIEST Edition is a must-have for longtime fans of the series and new readers alike. But before you open this book, you might want to cross your fingersyou wouldnt want to get the Cheese Touch!"-- |
| -- | Provided by publisher. |
| 588 ## - | |
| -- | Title and description based on researched data; resource not viewed. |
| 630 00 - SUBJECT ADDED ENTRY--UNIFORM TITLE | |
| Uniform title | Diary of a wimpy kid (Motion picture) |
| 9 (RLIN) | 5952516 |
| 630 00 - SUBJECT ADDED ENTRY--UNIFORM TITLE | |
| Uniform title | Diary of a wimpy kid (Motion picture) |
| Form subdivision | Children's nonfiction. |
| 9 (RLIN) | 5952517 |
| 650 #0 - SUBJECT ADDED ENTRY--TOPICAL TERM | |
| Topical term or geographic name as entry element | Heffley, Greg (Fictitious character) |
| 9 (RLIN) | 5952518 |
| 650 #1 - SUBJECT ADDED ENTRY--TOPICAL TERM | |
| Topical term or geographic name as entry element | Humorous stories. |
| 9 (RLIN) | 5952519 |
| 650 #0 - SUBJECT ADDED ENTRY--TOPICAL TERM | |
| Topical term or geographic name as entry element | Diaries |
| Form subdivision | Juvenile fiction. |
| 9 (RLIN) | 5675979 |
| 650 #0 - SUBJECT ADDED ENTRY--TOPICAL TERM | |
| Topical term or geographic name as entry element | Middle schools |
| Form subdivision | Juvenile fiction. |
| 9 (RLIN) | 5675274 |
| 650 #0 - SUBJECT ADDED ENTRY--TOPICAL TERM | |
| Topical term or geographic name as entry element | Friendship |
| Form subdivision | Juvenile fiction. |
| 9 (RLIN) | 5673647 |
| 650 #0 - SUBJECT ADDED ENTRY--TOPICAL TERM | |
| Topical term or geographic name as entry element | Schools |
| Form subdivision | Juvenile fiction. |
| 9 (RLIN) | 5952520 |
| 800 1# - SERIES ADDED ENTRY--PERSONAL NAME | |
| Personal name | Kinney, Jeff. |
| Title of a work | Diary of a wimpy kid. |
| 9 (RLIN) | 5784820 |
| 830 #0 - SERIES ADDED ENTRY--UNIFORM TITLE | |
| Uniform title | Diary of a Wimpy Kid. |
| 9 (RLIN) | 5812769 |
| 942 ## - ADDED ENTRY ELEMENTS (KOHA) | |
| Koha item type | BOOK |
| 948 ## - LOCAL PROCESSING INFORMATION (OCLC); SERIES PART DESIGNATOR (RLIN) | |
| Series part designator, SPT (RLIN) | 09/26/2017 |
| z (OCLC) | Sirsi |
| 949 ## - LOCAL PROCESSING INFORMATION (OCLC) | |
| n | www.MicroMarketing.org 800-229-9887 |
| 996 ## - | |
| -- | 144413 |
| -- | 34301001717638 |
| -- | J |
| -- | bk |
| -- | wcl |
| -- | o |
| -- | 35 |
| -- | 16.95 |
| -- | micromarketing |
| -- | Kin |
| -- | 09/27/2017 |
| -- | 03/05/2020 |
| -- | 03/10/2020 |
| Withdrawn status | Lost status | Source of classification or shelving scheme | Damaged status | Not for loan | Collection code | Home library | Current library | Shelving location | Date acquired | Source of acquisition | Total Checkouts | Total Renewals | Full call number | Barcode | Checked out | Date last seen | Date checked out | Cost, replacement price | Price effective from | Koha item type |
|---|---|---|---|---|---|---|---|---|---|---|---|---|---|---|---|---|---|---|---|---|
| Dewey Decimal Classification | Junior Fiction | Wasatch County Library | Wasatch County Library | Main Floor Junior Area | 06/17/2020 | Micromarketing | 46 | 50 | J Kinney | 34301001641507 | 03/21/2026 | 01/23/2026 | 01/23/2026 | 16.95 | 06/17/2020 | BOOK |
